Vista normal Vista MARC

Entrada Nombre personal

Número de registros utilizados en: 1

001 - NÚMERO DE CONTROL

  • Campo de control: 47468

003 - IDENTIFICADOR DE NÚMERO DE CONTROL

  • Campo de control: OSt

005 - FECHA Y HORA DE LA ULTIMA MODIFICACION

  • Campo de control: 20230622163200.0

008 - ELEMENTOS DE DATOS DE LONGITUD FIJA

  • Campo de longitud fija: 230622|| aca||aabn | a|a d

040 ## - FUENTE DE LA CATALOGACIÓN

  • Agencia original de catalogación: OSt

100 1# - ENCABEZAMIENTO--NOMBRE DE PERSONA

  • Nombre personal: Guillen Ramirez, Silvia Yamileth

670 ## - FUENTE DE DATOS ENCONTRADOS

  • Fuente de citación: Internship final report: Pasantía en Centro Escolar Presbitero Fernando H. San Germán, Sonsonate

670 ## - FUENTE DE DATOS ENCONTRADOS

  • Fuente de citación: 22-06-2023